Los obispos legisladores

Guardat en:
Dades bibliogràfiques
Autor principal: García y García, Antonio (Autor)
Format: Llibre
Idioma:espanyol
Publicat: Salamanca Universidad Pontificia de Salamanca 1992
Matèries:
Etiquetes: Afegir etiqueta
Sense etiquetes, Sigues el primer a etiquetar aquest registre!

MARC

LEADER 00000nam a2200000 a 4500
001 UCL3413
003 CL-VaPUC
008 031128e19920000SP |||||||||||||||||spa|d
082 0 4 |a 262.9  |b GAR  |2 21 
100 |a García y García, Antonio  |e author  |9 620175 
245 1 4 |a Los obispos legisladores 
300 |a pág. irreg 
942 |c BK 
945 |d 20031128 00:00:00  |a rbrito 
260 |a Salamanca  |b Universidad Pontificia de Salamanca  |c 1992 
650 7 |a DERECHO CANONICO  |2 CL-VaPUC  |9 480686 
650 7 |a CONCILIOS Y SINODOS  |2 CL-VaPUC  |9 480687 
650 7 |a OBISPOS  |2 CL-VaPUC  |9 480688 
583 |a last modification  |c 20031128 00:00:00  |k Rodrigo Vera 
999 |c 306455  |d 306453 
952 |0 0  |1 0  |2 ddc  |4 0  |6 262_900000000000000_GAR_1992  |7 0  |8 DER_HDC  |9 371480  |a BIBDER  |b BIBDER  |d 2019-11-21  |i 3964604  |o 262.9 GAR 1992  |p 3964604  |r 2023-01-25  |w 2019-11-21  |x Ubicación 4to Piso  |y MX  |z Estos recursos deben solicitarse con anticipación  |k DER